Villes par indices en images - Statistiques

Statistiques générales
  • Ce quiz a été pris 113 fois
  • Le résultat moyen est 18 sur 30
Statistiques - réponses
Par images Réponse % Correct
Berlin
87%
Berlin
87%
Berlin
87%
Bruxelles
84%
Bruxelles
84%
Bruxelles
84%
Dublin
81%
Dublin
81%
Dublin
81%
Monaco
79%
Monaco
79%
Monaco
79%
Marseille
78%
Marseille
78%
Marseille
78%
Barcelone
77%
Barcelone
77%
Barcelone
77%
La Nouvelle-Orléans
42%
La Nouvelle-Orléans
42%
La Nouvelle-Orléans
42%
Séoul
39%
Séoul
39%
Séoul
39%
Alger
37%
Alger
37%
Alger
37%
Lima
15%
Lima
15%
Lima
15%
Aucun quiz correspondant
Distribution des résultats
% des personnes avec chaque résultat
Percentile par nombre de réponses
Votre historique - résultats
Vous n’avez pas pris ce quiz